000
00323nam a2200133Ia 4500
005
20251222155124.0
008
251222s9999||||xx |||||||||||||| ||spa||
082
_a
ANT.08
100
_a
MIRO QUESADA Francisco.
245
0
_a
Hombre Sociedad y PolĂtica
250
_a
1ra. ed.
264
_b
Com.para la cult.
942
_c
LIB
999
_c
38538
_d
38538